Cost control in the construction industry (Record no. 89536)

MARC details
000 -LEADER
fixed length control field 00460cam a2200181 4500
008 - FIXED-LENGTH DATA ELEMENTS--GENERAL INFORMATION
fixed length control field 090401t1973 xxu||||| |||| 00| 0 eng d
020 ## - INTERNATIONAL STANDARD BOOK NUMBER
International Standard Book Number 0408000872
035 ## - SYSTEM CONTROL NUMBER
System control number (Sirsi) u30959
041 ## - LANGUAGE CODE
Language code of text/sound track or separate title eng
050 ## - LIBRARY OF CONGRESS CALL NUMBER
Classification number 658.1552
100 ## - MAIN ENTRY--PERSONAL NAME
Personal name Gobourne, J.
245 ## - TITLE STATEMENT
Title Cost control in the construction industry
260 ## - PUBLICATION, DISTRIBUTION, ETC.
Place of publication, distribution, etc. London
Name of publisher, distributor, etc. Newnes-Butterworths
Date of publication, distribution, etc. 1973
300 ## - PHYSICAL DESCRIPTION
Extent 7. 150p. ill. forms. 22cm. index
350 ## - PRICE (NR) (BK AM CF MU VM SE) [OBSOLETE]
Price 3
942 ## - ADDED ENTRY ELEMENTS (KOHA)
Suppress in OPAC 0
948 ## - LOCAL PROCESSING INFORMATION (OCLC); SERIES PART DESIGNATOR (RLIN)
c (OCLC) 04/03/1997
Holdings
Withdrawn status Lost status Source of classification or shelving scheme Damaged status Not for loan Home library Current library Shelving location Date acquired Cost, normal purchase price Total Checkouts Full call number Barcode Date last seen Copy number Cost, replacement price Price effective from Koha item type
    Dewey Decimal Classification     London London Basement 14/09/1999 3.00   SHELF 116 30009687 06/08/2019 1 3.00 06/08/2019 Reference material